Stolice Europy - Statystyki

Ogólne statystyki
  • Ten quiz został rozwiązany 450 razy
  • Średni wynik to 37 z 45
Statystyki odpowiedzi
Hint Odpowiedź % Poprawnych
Polska Warszawa
96%
Niemcy Berlin
95%
Francja Paryż
95%
Wielka Brytania Londyn
94%
Grecja Ateny
93%
Hiszpania Madryt
93%
Rosja Moskwa
93%
Włochy Rzym
93%
Austria Wiedeń
93%
Belgia Bruksela
91%
Ukraina Kijów
91%
Norwegia Oslo
91%
Czechy Praga
91%
Watykan Watykan
91%
Holandia Amsterdam
90%
Dania Kopenhaga
88%
Luksemburg Luksemburg
88%
Monako Monako
88%
San Marino San Marino
88%
Finlandia Helsinki
87%
Portugalia Lizbona
87%
Andora Andora
86%
Białoruś Mińsk
86%
Litwa Wilno
85%
Węgry Budapeszt
84%
Chorwacja Zagrzeb
83%
Słowacja Bratysława
82%
Irlandia Dublin
82%
Łotwa Ryga
82%
Bułgaria Sofia
82%
Rumunia Bukareszt
81%
Szwecja Sztokholm
81%
Albania Tirana
75%
Turcja Ankara
74%
Szwajcaria Berno
72%
Estonia Tallinn
72%
Islandia Reykjavik
71%
Bośnia i Hercegowina Sarajewo
71%
Malta Valletta
67%
Serbia Belgrad
66%
Czarnogóra Podgorica
64%
Liechtenstein Vaduz
64%
Słowenia Lublana
63%
Mołdawia Kiszyniów
62%
Macedonia Północna Skopje
62%
Nie znaleziono quizów pasujących do podanych kryteriów
Rozkład punktacji
Procent ludzi z każdym wynikiem
Percentyl według liczby udzielonych odpowiedzi
Twoja historia wyników
Nie rozwiązałeś tego quizu